|
|
|
|
| LEADER |
00000nab a2200000 a 4500 |
| 001 |
vtls000038311 |
| 003 |
SK-MaSNL |
| 005 |
20260304073517.0 |
| 008 |
250422c1979 xo 0 slo |
| 015 |
|
|
|a SNBRB19rr/mm-uuuuu
|
| 035 |
|
|
|a CL0048406
|
| 035 |
|
|
|a urn:nbn:sk:snk-abdk6a
|
| 035 |
|
|
|a (urnnbn)urn:nbn:sk:snk:ar-00344y
|
| 035 |
|
|
|a (uuid)4e2f31f0-5ad8-46dd-bec3-996ed1dfcaa1
|
| 040 |
|
|
|a SNKBUCL
|b slo
|c SNKBUCL
|e AACR2
|
| 041 |
0 |
|
|a slo
|
| 044 |
|
|
|a xo
|c SK
|
| 080 |
|
|
|a 638.1
|2 1981
|
| 100 |
1 |
|
|a Ferenčík, Juraj
|4 aut
|9 268358
|
| 245 |
1 |
0 |
|a Priebeh a výsledky májového pléna ÚV SZV
|c Juraj Ferenčík
|
| 610 |
2 |
7 |
|a Slovenský zväz včelárov
|2 snkbucl
|9 16826
|
| 650 |
0 |
7 |
|a včelárstvo
|2 snkbucl
|9 3997
|
| 655 |
|
7 |
|a články z novín a časopisov
|2 snkbucl
|9 267496
|
| 773 |
0 |
|
|t Včelár
|g Roč. 53, č. 8 (1979), s. 171
|
| 850 |
|
|
|a Slovenská národná knižnica
|
| 852 |
|
|
|a Slovenská národná knižnica
|
| 954 |
|
|
|a odborná, vedecká literatúra pôvodná (slovenská)
|2 lita
|
| 958 |
|
|
|a article19
|
| 958 |
|
|
|a OND
|
| 958 |
|
|
|a RK
|
| 958 |
|
|
|a EUIPO
|
| 992 |
|
|
|a RBX
|
| 999 |
|
|
|c 2771887
|d 2773817
|